<?xml version="1.0" encoding="UTF-8"?>
<record
    xmlns:xsi="http://www.w3.org/2001/XMLSchema-instance"
    xsi:schemaLocation="http://www.loc.gov/MARC21/slim http://www.loc.gov/standards/marcxml/schema/MARC21slim.xsd"
    xmlns="http://www.loc.gov/MARC21/slim">

  <leader>00637nam a22002177a 4500</leader>
  <controlfield tag="003">SISC</controlfield>
  <controlfield tag="005">20160316105907.0</controlfield>
  <controlfield tag="008">130902t        xxu||||| |||| 00| 0 eng d</controlfield>
  <datafield tag="020" ind1=" " ind2=" ">
    <subfield code="a">1855018438  </subfield>
  </datafield>
  <datafield tag="050" ind1=" " ind2=" ">
    <subfield code="a">NK 3600</subfield>
    <subfield code="b">.C853 1996</subfield>
  </datafield>
  <datafield tag="082" ind1=" " ind2=" ">
    <subfield code="a">HS 745.6 </subfield>
    <subfield code="b">C83 1996</subfield>
  </datafield>
  <datafield tag="100" ind1=" " ind2=" ">
    <subfield code="a">Couch, Malcolm</subfield>
    <subfield code="9">16199</subfield>
  </datafield>
  <datafield tag="245" ind1=" " ind2=" ">
    <subfield code="a">Creative calligraphy :</subfield>
    <subfield code="b"> the art of beautiful writing / </subfield>
    <subfield code="c">Malcolm Couch.  </subfield>
  </datafield>
  <datafield tag="260" ind1=" " ind2=" ">
    <subfield code="a">London : </subfield>
    <subfield code="b">Tiger Books International, </subfield>
    <subfield code="c">c1996.  </subfield>
  </datafield>
  <datafield tag="300" ind1=" " ind2=" ">
    <subfield code="a">127 p :</subfield>
    <subfield code="b">ill. ;</subfield>
    <subfield code="c">31 cm.</subfield>
  </datafield>
  <datafield tag="651" ind1=" " ind2=" ">
    <subfield code="a">Calligraphy  </subfield>
    <subfield code="9">16200</subfield>
  </datafield>
  <datafield tag="651" ind1=" " ind2=" ">
    <subfield code="a">Writing  </subfield>
    <subfield code="9">931</subfield>
  </datafield>
  <datafield tag="651" ind1=" " ind2=" ">
    <subfield code="a">Penmanship </subfield>
    <subfield code="9">16201</subfield>
  </datafield>
  <datafield tag="942" ind1=" " ind2=" ">
    <subfield code="2">lcc</subfield>
    <subfield code="c">BK</subfield>
  </datafield>
  <datafield tag="999" ind1=" " ind2=" ">
    <subfield code="c">10188</subfield>
    <subfield code="d">10188</subfield>
  </datafield>
  <datafield tag="952" ind1=" " ind2=" ">
    <subfield code="0">0</subfield>
    <subfield code="1">0</subfield>
    <subfield code="2">lcc</subfield>
    <subfield code="4">0</subfield>
    <subfield code="a">LUX</subfield>
    <subfield code="b">LUX</subfield>
    <subfield code="c">HS</subfield>
    <subfield code="d">2013-09-02</subfield>
    <subfield code="l">0</subfield>
    <subfield code="o">NK 3600 .C853 1996</subfield>
    <subfield code="p">6325</subfield>
    <subfield code="r">2017-06-10 00:00:00</subfield>
    <subfield code="t">1</subfield>
    <subfield code="w">2013-09-02</subfield>
    <subfield code="y">BK</subfield>
  </datafield>
</record>
